Verschuldung in der Eurozone und ihre Bekämpfung diplomová práca

Guardado en:
Detalles Bibliográficos
Autor principal: Kasáčová, Jana
Autor Corporativo: Ekonomická univerzita v Bratislave. Ústav medzinárodných programov
Otros Autores: Sobek, Otto
Formato: Libro
Lenguaje:alemán
Publicado: Bratislava 2012
Etiquetas: Agregar Etiqueta
Sin Etiquetas, Sea el primero en etiquetar este registro!

MARC

LEADER 00000nam$a2200000$$$4500
001 0166246
005 20240318115044.9
041 0 |a ger 
044 |a SK 
245 1 0 |a Verschuldung in der Eurozone und ihre Bekämpfung  |b diplomová práca  |c Jana Kasáčová ; školiteľ: Otto Sobek 
264 1 |a Bratislava  |c 2012 
300 |a 54 s. 
500 |a Celouniverzitný študijný program: Medzinárodný finančný manažment (Internationales Finanzmanagement) 
100 1 |a Kasáčová, Jana 
700 1 |a Sobek, Otto 
710 2 |a Ekonomická univerzita v Bratislave. Ústav medzinárodných programov